Chủ nghĩa hiện thực phê phán trong văn học phương Tây /

Guardat en:
Dades bibliogràfiques
Autor principal: Đỗ Đức Dục
Format: Sách giấy
Idioma:Vietnamese
Publicat: Hà Nội : Khoa học Xã hội , 1981
Etiquetes: Afegir etiqueta
Sense etiquetes, Sigues el primer a etiquetar aquest registre!
Thư viện lưu trữ: Thư viện Trường Đại học Đà Lạt
LEADER 00631nam a2200253 4500
001 DLU020011756
005 ##5/17/2000
020 # # |a 978- 
041 # # |a vie 
082 # # |a 801.3  |b DO-D 
090 # # |a 801.3  |b DO-D 
100 # # |a Đỗ Đức Dục 
245 # # |a Chủ nghĩa hiện thực phê phán trong văn học phương Tây /  |c Đỗ Đức Dục 
260 # # |a Hà Nội :  |b Khoa học Xã hội ,  |c 1981 
300 # # |a 255 tr.;   |c 19 cm. 
992 # # |a 1290 
994 # # |a DLU 
900 # # |a False 
911 # # |a Administrator 
925 # # |a G 
926 # # |a A 
927 # # |a SH 
980 # # |a Thư viện Trường Đại học Đà Lạt